[Event "Mittelfrank Regionalliga Sud-Ost 2223"]
[Site "Mittelfranken"]
[Date "2022.10.23"]
[Round "2.6"]
[White "Seifert, Werner"]
[Black "Zeindlmeier, Thomas"]
[Result "1/2-1/2"]
[WhiteElo "1887"]
[BlackElo "1971"]
[PlyCount "81"]
[EventDate "2022.10.09"]
[EventType "team-tourn"]
[EventRounds "9"]
[EventCountry "GER"]
[SourceTitle "EXT 2024"]
[Source "ChessBase"]
[SourceDate "2023.10.10"]
[SourceVersion "1"]
[SourceVersionDate "2023.10.10"]
[SourceQuality "1"]
[WhiteTeam "Groebenzell II"]
[BlackTeam "Bruckmuehl"]
[WhiteTeamCountry "GER"]
[BlackTeamCountry "GER"]

1. e4 c5 2. c3 d5 3. exd5 Qxd5 4. d4 Nf6 5. Nf3 Bg4 6. Be2 e6 7. 0-0 Nc6 8. Be3 cxd4 9. cxd4 Be7 10. Nc3 Qd6 11. h3 Bh5 12. Qb3 0-0 13. Rfd1 Qb4 14. d5 Qxb3 15. axb3 exd5 16. Nxd5 Nxd5 17. Rxd5 Bxf3 18. Bxf3 Rfd8 19. Rb5 Rab8 20. Bxa7 Nxa7 21. Rxa7 Bf6 22. Raxb7 Rxb7 23. Rxb7 Bxb2 24. Bd5 Rf8 25. b4 g5 26. b5 Kg7 27. Rd7 Kg6 28. b6 Be5 29. b7 h5 30. g3 f6 31. Bf3 f5 32. Rd5 Bb8 33. Rc5 g4 34. Rc8 Kg7 35. Bd5 gxh3 36. f4 h4 37. Kh2 hxg3+ 38. Kxg3 h2 39. Kxh2 Bxf4+ 40. Kh3 Bd6 41. Rxf8 1/2-1/2

[Event "Regionalliga Sued-Ost 1819"]
[Site "Bayern"]
[Date "2019.01.20"]
[Round "5.7"]
[White "Krause, Christian"]
[Black "Zeindlmeier, Thomas"]
[Result "1/2-1/2"]
[WhiteElo "1894"]
[BlackElo "1911"]
[PlyCount "86"]
[EventDate "2018.10.21"]
[EventType "team-tourn"]
[EventRounds "9"]
[EventCountry "GER"]
[SourceTitle "EXT 2022"]
[Source "ChessBase"]
[SourceDate "2021.10.06"]
[SourceVersion "1"]
[SourceVersionDate "2021.10.06"]
[SourceQuality "1"]
[WhiteTeam "Ebersberg Grafing"]
[BlackTeam "Ingolstadt"]
[WhiteTeamCountry "GER"]
[BlackTeamCountry "GER"]

1. c4 c6 2. g3 d5 3. cxd5 cxd5 4. Bg2 Nf6 5. Nf3 Nc6 6. 0-0 Bf5 7. Qa4 Qd7 8. d3 e6 9. Nbd2 Be7 10. Nd4 Nxd4 11. Qxd4 0-0 12. Nf3 Rfc8 13. b4 Qb5 14. Bd2 Nd7 15. a4 Qb6 16. Rac1 Bf6 17. Qxb6 Nxb6 18. a5 Na4 19. Rxc8+ Rxc8 20. Rc1 Rxc1+ 21. Bxc1 Nc3 22. Kf1 Be7 23. Nd4 Bg4 24. f3 Bh5 25. Nc2 Kf8 26. Bb2 Nb5 27. e4 dxe4 28. dxe4 f6 29. Kf2 e5 30. Ke3 Bf7 31. Bf1 Bb3 32. Bxb5 Bxc2 33. Bc3 Bd6 34. Bd7 Ke7 35. Bc8 b6 36. axb6 axb6 37. Ba6 Kd7 38. Bd3 Bb3 39. Bb5+ Kc7 40. h4 Be6 41. h5 Bc8 42. g4 h6 43. Kd3 Bb7 1/2-1/2

[Event "Landesliga Sued 1415"]
[Site "Bayern"]
[Date "2015.04.12"]
[Round "9.8"]
[White "Zeindlmeier, Thomas"]
[Black "Weiss, Thomas1111"]
[Result "0-1"]
[WhiteElo "1968"]
[BlackElo "1817"]
[PlyCount "84"]
[EventDate "2014.10.19"]
[EventType "team-tourn"]
[EventRounds "9"]
[EventCountry "GER"]
[SourceTitle "EXT 2018"]
[Source "ChessBase"]
[SourceDate "2017.10.13"]
[SourceVersion "1"]
[SourceVersionDate "2017.10.13"]
[SourceQuality "1"]
[WhiteTeam "Ingolstadt"]
[BlackTeam "Deggendorf"]
[WhiteTeamCountry "GER"]
[BlackTeamCountry "GER"]

1. e4 d5 2. exd5 Qxd5 3. Nc3 Qd6 4. d4 Nf6 5. Nge2 Nbd7 6. Bf4 e5 7. dxe5 Nxe5 8. Ng3 Be6 9. Bb5+ c6 10. Qe2 Nd3+ 11. Bxd3 Qxf4 12. Bf5 Qc4 13. Qxc4 Bxc4 14. 0-0-0 Bb4 15. Rd4 b5 16. Nce4 Nxe4 17. Bd7+ Ke7 18. Nf5+ Kf6 19. Rxe4 Rad8 20. Bxc6 Kxf5 21. g4+ Kg6 22. a3 Bc5 23. f4 f6 24. Rhe1 Kf7 25. b4 Bd6 26. Rd1 Rhf8 27. h4 Kg8 28. h5 f5 29. Red4 Bc7 30. g5 Rxd4 31. Rxd4 Rd8 32. Rxd8+ Bxd8 33. Kd2 Kf8 34. Ke3 Bb6+ 35. Kf3 Ke7 36. a4 Kd6 37. Be8 Bd5+ 38. Ke2 Bc6 39. g6 h6 40. Bxc6 Kxc6 41. a5 Bc7 42. Ke3 Kd5 0-1

[Event "Landesliga Sued 1213"]
[Site "Bayern"]
[Date "2013.01.13"]
[Round "5.7"]
[White "Zeindlmeier, Thomas"]
[Black "Kuecher, Wolfgang"]
[Result "1/2-1/2"]
[WhiteElo "1920"]
[BlackElo "2093"]
[PlyCount "42"]
[EventDate "2012.10.14"]
[EventType "team-tourn"]
[EventRounds "9"]
[EventCountry "GER"]
[SourceTitle "EXT 2015"]
[Source "ChessBase"]
[SourceDate "2014.11.20"]
[SourceVersion "1"]
[SourceVersionDate "2014.11.20"]
[SourceQuality "1"]
[WhiteTeam "Ingolstadt"]
[BlackTeam "Rottal"]
[WhiteTeamCountry "GER"]
[BlackTeamCountry "GER"]

1. e4 g6 2. d4 Bg7 3. Nc3 d6 4. f4 c6 5. Nf3 Nf6 6. Bd3 0-0 7. 0-0 b5 8. e5 Ne8 9. Qe2 Nc7 10. a3 Nd7 11. f5 dxe5 12. dxe5 Nxe5 13. Nxe5 Qd4+ 14. Be3 Qxe5 15. fxg6 hxg6 16. Rae1 Ne6 17. Kh1 Qc7 18. Qf3 Bb7 19. Qg4 Bc8 20. Qf3 Bb7 21. Qg4 Bc8 1/2-1/2

[Event "Regionalliga SO 1112"]
[Site "Bayern"]
[Date "2011.12.11"]
[Round "4.2"]
[White "Zeindlmeier, Thomas"]
[Black "Grawe, Christian"]
[Result "0-1"]
[WhiteElo "1907"]
[BlackElo "2171"]
[PlyCount "64"]
[EventDate "2011.10.02"]
[EventType "team-tourn"]
[EventRounds "9"]
[EventCountry "GER"]
[SourceTitle "EXT 2013"]
[Source "ChessBase"]
[SourceDate "2012.11.22"]
[SourceVersion "1"]
[SourceVersionDate "2012.11.22"]
[SourceQuality "1"]
[WhiteTeam "Ingolstadt II"]
[BlackTeam "Unterpfaffenhofen"]
[WhiteTeamCountry "GER"]
[BlackTeamCountry "GER"]

1. e4 c6 2. d4 d5 3. Nd2 dxe4 4. Nxe4 Bf5 5. Ng3 Bg6 6. Nf3 Nd7 7. h4 h6 8. h5 Bh7 9. Bd3 Bxd3 10. Qxd3 e6 11. Bd2 Ngf6 12. 0-0-0 Be7 13. Ne4 Nxe4 14. Qxe4 Nf6 15. Qe2 Qd5 16. c4 Qe4 17. Qxe4 Nxe4 18. Be3 f5 19. Nd2 Nf6 20. f3 b5 21. b3 a5 22. Kb2 a4 23. cxb5 Nd5 24. Rhe1 cxb5 25. Nb1 axb3 26. axb3 Kf7 27. Re2 Ra6 28. Rde1 Rha8 29. Nc3 Ba3+ 30. Kc2 Rc8 31. Bd2 Bb4 32. Kb2 Nxc3 0-1

[Event "Regionalliga SO 1112"]
[Site "Bayern"]
[Date "2011.11.20"]
[Round "3.3"]
[White "Bielmeier, Ludwig"]
[Black "Zeindlmeier, Thomas"]
[Result "1-0"]
[WhiteElo "1974"]
[BlackElo "1907"]
[PlyCount "163"]
[EventDate "2011.10.02"]
[EventType "team-tourn"]
[EventRounds "9"]
[EventCountry "GER"]
[SourceTitle "EXT 2013"]
[Source "ChessBase"]
[SourceDate "2012.11.22"]
[SourceVersion "1"]
[SourceVersionDate "2012.11.22"]
[SourceQuality "1"]
[WhiteTeam "Deggendorf"]
[BlackTeam "Ingolstadt II"]
[WhiteTeamCountry "GER"]
[BlackTeamCountry "GER"]

1. Nf3 d5 2. g3 Nf6 3. Bg2 Bf5 4. c4 c6 5. cxd5 cxd5 6. Qb3 Qb6 7. Qxb6 axb6 8. Nc3 e6 9. Nd4 Bg6 10. Ndb5 Na6 11. d3 Be7 12. 0-0 0-0 13. Bf4 Nb4 14. a3 Nc6 15. b4 Rfc8 16. Nc7 Ra7 17. N7b5 Raa8 18. Nc7 Ra7 19. N7b5 Raa8 20. Nc7 Ra7 21. Bh3 Rd8 22. N3b5 Ra4 23. Rac1 h6 24. Rc2 Bh7 25. Rd1 g5 26. Bc1 Bg6 27. Bb2 Kh7 28. Rdc1 Rd7 29. Nc3 Ra7 30. N7b5 Ra8 31. Nd1 Bd8 32. Ne3 Be7 33. Nf1 Ne8 34. Nd2 Bf6 35. Bxf6 Nxf6 36. Nb1 Kg7 37. Rb2 Bh5 38. Bg2 Bg6 39. Bh3 Ne8 40. N1c3 Nf6 41. Kf1 Kf8 42. Bg2 Ke8 43. Ke1 Kd8 44. Rd2 Ne8 45. Rdc2 Nd6 46. Nxd6 Rxd6 47. Nb5 Rd7 48. Rc3 Ke7 49. Kd2 Rh8 50. h3 Bf5 51. Kc2 Bg6 52. Kb2 h5 53. h4 g4 54. R3c2 f6 55. Rd2 Ra8 56. Rdd1 Rad8 57. Rd2 Bf7 58. d4 Bg6 59. e3 Ra8 60. Bf1 Kd8 61. Rdd1 Bf5 62. Rc3 Ke7 63. Kb3 Kd8 64. Rcc1 Ke7 65. Nc3 Nd8 66. Na4 Rd6 67. Rc7+ Kf8 68. Rdc1 e5 69. Nc3 Bd7 70. Nb5 Bxb5 71. Bxb5 Re6 72. Rh7 Re7 73. Rxh5 Kg7 74. dxe5 Rxe5 75. Rc7+ Kg6 76. Bd3+ f5 77. Rg5+ Kf6 78. Rg8 Ne6 79. Rxa8 Nxc7 80. Rb8 Ne6 81. Kc3 Nc7 82. Rxb7 1-0

[Event "Munich OIS op 31st"]
[Site "Munich"]
[Date "2011.09.17"]
[Round "1"]
[White "Zeindlmeier, Thomas"]
[Black "Kostic, Vladimir G"]
[Result "0-1"]
[WhiteElo "2023"]
[BlackElo "2433"]
[PlyCount "156"]
[EventDate "2011.09.17"]
[EventType "swiss"]
[EventRounds "9"]
[EventCountry "GER"]
[SourceTitle "CBM 144 Extra"]
[Source "ChessBase"]
[SourceDate "2011.10.28"]
[SourceVersion "1"]
[SourceVersionDate "2011.10.28"]
[SourceQuality "1"]

1. e4 c5 2. Nc3 Nc6 3. g3 g6 4. Bg2 Bg7 5. d3 e6 6. Be3 Nd4 7. Qd2 Ne7 8. Nd1 b6 9. c3 Ndc6 10. Bh6 Bxh6 11. Qxh6 Ba6 12. Qd2 d5 13. exd5 Nxd5 14. Ne3 Nde7 15. 0-0-0 Qc7 16. Nf3 0-0-0 17. Qc2 Kb8 18. Rd2 Bb7 19. Rhd1 Nf5 20. Bh1 Nxe3 21. fxe3 e5 22. Bg2 Rhe8 23. d4 cxd4 24. cxd4 Rc8 25. Kb1 e4 26. Ne1 f5 27. Bf1 Qd6 28. Qa4 Red8 29. Rc1 Nb4 30. Rxc8+ Rxc8 31. a3 Nd5 32. Ng2 h5 33. Bc4 Nc7 34. Ba2 Ba6 35. Qd1 Bd3+ 36. Ka1 Bb5 37. Bb3 Ne8 38. Rc2 Rxc2 39. Qxc2 Nf6 40. Bf7 g5 41. Qc1 Be2 42. Bb3 Bb5 43. Bf7 Bd7 44. Qf1 Ng4 45. h4 Nh2 46. Qf2 Ng4 47. Qf1 gxh4 48. gxh4 Qg3 49. Bxh5 Nxe3 50. Qf4+ Qxf4 51. Nxf4 Nc2+ 52. Kb1 Nxd4 53. Bf7 Nf3 54. h5 Ne5 55. Bg6 Ng4 56. Nd5 Be6 57. Nf4 Bc8 58. Nd5 Nh6 59. Kc1 Be6 60. Nf4 Bg8 61. Kd2 Kc7 62. Ke3 Kd6 63. Kd4 Bb3 64. Bxf5 Nxf5+ 65. Kxe4 Bc2+ 66. Kf3 Nh6 67. Ke3 Ke5 68. Nd3+ Kf6 69. Nb4 Ba4 70. Kd4 Ke6 71. Kc3 Be8 72. Na6 Kd6 73. b3 Bxh5 74. b4 Be2 75. b5 Bxb5 76. Nb4 a5 77. Nc2 Bd7 78. Kb2 Nf5 0-1

[Event "Regionalliga SO 1011"]
[Site "Bayern"]
[Date "2011.02.06"]
[Round "6.2"]
[White "Wittmann, Matthias"]
[Black "Zeindlmeier, Thomas"]
[Result "1-0"]
[WhiteElo "2138"]
[BlackElo "1943"]
[PlyCount "68"]
[EventDate "2010.10.10"]
[EventType "team-tourn"]
[EventRounds "9"]
[EventCountry "GER"]
[SourceTitle "EXT 2012"]
[Source "ChessBase"]
[SourceDate "2011.11.24"]
[SourceVersion "1"]
[SourceVersionDate "2011.11.24"]
[SourceQuality "1"]
[WhiteTeam "Pang/Rosenheim II"]
[BlackTeam "Ingolstadt II"]
[WhiteTeamCountry "GER"]
[BlackTeamCountry "GER"]

1. Nc3 d5 2. e4 d4 3. Nce2 e5 4. Ng3 Be6 5. Nf3 Nd7 6. c3 c5 7. Bb5 f6 8. b4 Qb6 9. Bxd7+ Bxd7 10. bxc5 Bxc5 11. cxd4 exd4 12. 0-0 Ne7 13. e5 0-0 14. exf6 Rxf6 15. Ne4 Rf5 16. Nxc5 Qxc5 17. Qb3+ Nd5 18. Bb2 Rf4 19. Rac1 Qb5 20. Nxd4 Qxb3 21. axb3 Rd8 22. Rc5 Nf6 23. Rc7 Rb8 24. Re1 Bc6 25. Ree7 Ne8 26. Nxc6 bxc6 27. Rxa7 Rg4 28. h3 Rg6 29. Be5 Rd8 30. d4 h5 31. h4 Nf6 32. g3 Kf8 33. Rf7+ Kg8 34. Rfc7 Rb8 1-0

[Event "Regionalliga SO 1011"]
[Site "Bayern"]
[Date "2010.10.24"]
[Round "2.3"]
[White "Zeindlmeier, Thomas"]
[Black "Kern, Johannes"]
[Result "1/2-1/2"]
[WhiteElo "1943"]
[BlackElo "2189"]
[PlyCount "133"]
[EventDate "2010.10.10"]
[EventType "team-tourn"]
[EventRounds "9"]
[EventCountry "GER"]
[SourceTitle "EXT 2012"]
[Source "ChessBase"]
[SourceDate "2011.11.24"]
[SourceVersion "1"]
[SourceVersionDate "2011.11.24"]
[SourceQuality "1"]
[WhiteTeam "Ingolstadt II"]
[BlackTeam "Trostberg"]
[WhiteTeamCountry "GER"]
[BlackTeamCountry "GER"]

1. e4 c5 2. c3 d6 3. d4 Nf6 4. Bd3 g6 5. Nf3 Bg7 6. 0-0 0-0 7. h3 Nc6 8. Be3 c4 9. Bxc4 Nxe4 10. Nbd2 Nxd2 11. Qxd2 Qc7 12. Bd3 e5 13. dxe5 dxe5 14. Qe2 Re8 15. Bc4 h6 16. Rfd1 Kh7 17. Bd5 Be6 18. Qc4 Rac8 19. Bxe6 Rxe6 20. Qh4 Qe7 21. Qxe7 Rxe7 22. Bc5 Rec7 23. Rd5 Ne7 24. Bxe7 Rxe7 25. Rad1 Rcc7 26. Re1 e4 27. Nd4 a6 28. g4 Bf6 29. Kg2 Kg7 30. Nc2 Rc6 31. Ne3 Bg5 32. Rd4 Bxe3 33. Rxe3 Rce6 34. Rd5 Rf6 35. Kg3 Rfe6 36. h4 f6 37. Kg2 Kf7 38. Kg3 Re5 39. Rxe5 Rxe5 40. Kf4 g5+ 41. hxg5 hxg5+ 42. Kg3 Ke6 43. b3 b5 44. Re2 Kd6 45. Kg2 Re7 46. Kg3 Re6 47. Rd2+ Ke5 48. Re2 Rc6 49. f3 Rxc3 50. Rxe4+ Kd5 51. Re2 a5 52. Re8 Rc2 53. Rb8 b4 54. Rb5+ Rc5 55. Rb6 Ke5 56. Ra6 f5 57. gxf5 Kxf5 58. Ra8 Ke5 59. Kg4 Kd4 60. Rd8+ Kc3 61. Re8 Kb2 62. Re2+ Ka3 63. Rd2 a4 64. bxa4 Kxa4 65. Rd8 Ka3 66. Ra8+ Kb2 67. Ra7 1/2-1/2

[Event "Oberbayern-ch"]
[Site "Gmund am Tegernsee"]
[Date "1993.??.??"]
[Round "2"]
[White "Zach, Andreas"]
[Black "Zeindlmeier, Thomas"]
[Result "1/2-1/2"]
[WhiteElo "2180"]
[BlackElo "1925"]
[PlyCount "35"]
[EventDate "1993.??.??"]
[EventType "swiss"]
[EventRounds "7"]
[EventCountry "GER"]
[SourceTitle "EXT 2004"]
[Source "ChessBase"]
[SourceDate "2003.11.25"]
[SourceVersion "1"]
[SourceVersionDate "2003.11.25"]
[SourceQuality "1"]

1. d4 d5 2. Bf4 Nf6 3. e3 c6 4. c4 Bf5 5. Nd2 e6 6. Qb3 Qc8 7. h3 Nbd7 8. Ngf3 Be7 9. Be2 h6 10. Rc1 Ne4 11. Nxe4 Bxe4 12. 0-0 0-0 13. Nd2 Bg6 14. Bf3 Nf6 15. Rfd1 Qd7 16. Be5 Rfd8 17. a3 Rac8 18. cxd5 1/2-1/2

[Event "Oberbayern-ch"]
[Site "Gmund am Tegernsee"]
[Date "1993.??.??"]
[Round "7"]
[White "Zeindlmeier, Thomas"]
[Black "Schulz, Michael"]
[Result "1/2-1/2"]
[WhiteElo "1925"]
[BlackElo "2145"]
[PlyCount "41"]
[EventDate "1993.??.??"]
[EventType "swiss"]
[EventRounds "7"]
[EventCountry "GER"]
[SourceTitle "EXT 2004"]
[Source "ChessBase"]
[SourceDate "2003.11.25"]
[SourceVersion "1"]
[SourceVersionDate "2003.11.25"]
[SourceQuality "1"]

1. e4 e6 2. d4 d5 3. Nd2 c5 4. exd5 exd5 5. Bb5+ Nc6 6. Qe2+ Be7 7. dxc5 Nf6 8. Nb3 0-0 9. Nf3 Re8 10. Be3 Ne4 11. 0-0 Nxc5 12. Nfd4 Qc7 13. Rad1 a6 14. Bxc6 bxc6 15. Nxc5 Bxc5 16. Qf3 Bd6 17. h3 Rb8 18. b3 Re4 19. c4 Bb7 20. cxd5 cxd5 21. Rc1 1/2-1/2